000
00332 a2200133 4500
000
nam a22 7a 4500
100
_a
Mishra, P K
110
_a
Mishra, P K
245
_a
Aspects of Indian History and Historiography
250
_a
Latest edition
260
_b
Kaveri Books
_c
2024
264
_b
Kaveri Books
_c
2024
942
_c
BK
999
_c
394974
_d
394974